Poesía reunida

Kaydedildi:
Detaylı Bibliyografya
Yazar: Vallejo, César (autor)
Materyal Türü: Kitap
Dil:İspanyolca
Baskı/Yayın Bilgisi: Santiago, Chile Ediciones Universidad Diego Portales 2014
Edisyon:Primera edición
Seri Bilgileri:Colección Poesía Iberoamericana
Konular:
Etiketler: Etiketle
Etiket eklenmemiş, İlk siz ekleyin!

MARC

LEADER 00000cam a2200000 a 4500
001 UCD0350
003 CL-VaPUC
005 20250114124020.0
008 151127e20150000cl |||||||||||||||||spa|d
999 |c 433175  |d 433173 
020 |a 978-956-314-268-6 
040 |c Pontificia Universidad Católica de Valparaíso 
041 0 |a spa 
082 0 4 |a Pe861 VAL 2014  |2 21 
100 |a Vallejo, César  |e autor  |9 269109 
245 1 0 |a Poesía reunida 
250 |a Primera edición 
260 0 3 |a Santiago, Chile  |b Ediciones Universidad Diego Portales  |c 2014 
300 |a 408 páginas 
490 |a Colección Poesía Iberoamericana 
583 |a last modification  |c 20151127 13:45:00  |k Daniel Castañeda 
650 0 |a Poesías peruanas   |9 267668 
650 0 |a Literatura peruana  |9 257452 
942 |c BK  |2 ddc 
945 |d 20151127 13:45:00  |a dcastane 
952 |0 0  |1 0  |2 ddc  |4 0  |6 PE_861_000000000000000_VAL_2014  |7 0  |8 A  |9 578203  |a FDOPOS  |b FDOPOS  |d 2021-06-17  |i 5620481  |o Pe861 VAL 2014  |p 5620481  |r 2023-08-09  |t 1  |w 2021-06-17  |y BK  |k MEL